Normal view
MARC view
- Aquino, Cesar R.
Entry Personal Name
001 - CONTROL NUMBER
- control field: 13679
003 - CONTROL NUMBER IDENTIFIER
- control field: OSt
005 - DATE AND TIME OF LATEST TRANSACTION
- control field: 20160825113641.0
008 - FIXED-LENGTH DATA ELEMENTS
- fixed length control field: 160825|| aca||aabn | a|a d
040 ## - CATALOGING SOURCE
- Original cataloging agency: OSt
100 ## - HEADING--PERSONAL NAME
- Personal name: Aquino, Cesar R.
- Relator term: Editor
